[Event "Canadian op U2400"]
[Site "Montreal"]
[Date "2014.07.21"]
[Round "4"]
[White "Anastasovski, Nikola"]
[Black "Thau, Peter L"]
[Result "1-0"]
[WhiteElo "2059"]
[BlackElo "1813"]
[PlyCount "87"]
[EventDate "2014.07.19"]
[EventType "swiss"]
[EventRounds "9"]
[EventCountry "CAN"]
[SourceTitle "EXT 2022"]
[Source "ChessBase"]
[SourceDate "2021.10.06"]
[SourceVersion "1"]
[SourceVersionDate "2021.10.06"]
[SourceQuality "1"]

1. e4 e6 2. d4 d5 3. e5 c5 4. c3 Nc6 5. Be3 Qb6 6. Qd2 Bd7 7. Nf3 Be7 8. Be2 f6 9. 0-0 0-0-0 10. a3 h6 11. b4 c4 12. a4 Rf8 13. a5 Qd8 14. Qa2 f5 15. Bc1 g5 16. Nfd2 h5 17. Nxc4 dxc4 18. Bxc4 Rh6 19. b5 Nxa5 20. Qxa5 Qxa5 21. Rxa5 Kb8 22. f4 g4 23. Be3 Bd8 24. Ra2 Ne7 25. Bf2 h4 26. Be1 Nc8 27. Be2 Rfh8 28. c4 Be7 29. c5 Bd8 30. Bb4 Bc7 31. Nc3 R8h7 32. Rfa1 Bd8 33. Na4 Kc7 34. Nb2 Be7 35. b6+ axb6 36. cxb6+ Kd8 37. Bc5 Bxc5 38. dxc5 Bc6 39. Ra8 Rh8 40. Rb8 Ke7 41. Raa8 Bd7 42. Rxb7 Nxb6 43. Rxh8 Rxh8 44. cxb6 1-0

[Event "Skopje Karposh op"]
[Site "Skopje"]
[Date "2013.03.13"]
[Round "6"]
[White "Anastasovski, Nikola"]
[Black "Golubovic, Tomislav"]
[Result "1-0"]
[WhiteElo "2065"]
[BlackElo "1876"]
[PlyCount "43"]
[EventDate "2013.03.09"]
[EventType "swiss"]
[EventRounds "9"]
[EventCountry "MKD"]
[SourceTitle "CBM 153 Extra"]
[Source "ChessBase"]
[SourceDate "2013.04.22"]
[SourceVersion "1"]
[SourceVersionDate "2013.04.22"]
[SourceQuality "1"]

1. c4 Nf6 2. Nc3 e6 3. e4 d6 4. g3 g6 5. Bg2 Bg7 6. d3 0-0 7. Nge2 Nbd7 8. h3 c6 9. Be3 Re8 10. f4 Qc7 11. Qd2 b6 12. 0-0 Rb8 13. Rf2 Nf8 14. Raf1 Re7 15. g4 Bd7 16. f5 exf5 17. gxf5 gxf5 18. Bh6 Ng6 19. exf5 Bxh6 20. Qxh6 Bxf5 21. Rxf5 Re6 22. Rxf6 1-0

[Event "Skopje Karposh op"]
[Site "Skopje"]
[Date "2013.03.10"]
[Round "3"]
[White "Nenezic, Marko"]
[Black "Anastasovski, Nikola"]
[Result "1-0"]
[WhiteElo "2394"]
[BlackElo "2065"]
[PlyCount "129"]
[EventDate "2013.03.09"]
[EventType "swiss"]
[EventRounds "9"]
[EventCountry "MKD"]
[SourceTitle "CBM 153 Extra"]
[Source "ChessBase"]
[SourceDate "2013.04.22"]
[SourceVersion "1"]
[SourceVersionDate "2013.04.22"]
[SourceQuality "1"]

1. Nf3 c5 2. c4 Nc6 3. d4 cxd4 4. Nxd4 g6 5. e4 Bg7 6. Be3 d6 7. Nc3 Nf6 8. Be2 a6 9. 0-0 0-0 10. Qd2 Nxd4 11. Bxd4 Bd7 12. f3 Rc8 13. Rfd1 Qc7 14. Rac1 Bc6 15. b4 Rfd8 16. Bf1 b6 17. b5 Ba8 18. bxa6 Nd7 19. Be3 Bxc3 20. Rxc3 Nc5 21. Ra3 Bc6 22. Rb1 Ra8 23. Qf2 Ra7 24. e5 Rda8 25. exd6 exd6 26. Bd4 Rxa6 27. Rxa6 Rxa6 28. Ra1 Qd8 29. Rd1 Ra7 30. Qd2 f6 31. Qf4 Rd7 32. Bxf6 Qf8 33. Qh4 Rf7 34. Ba1 h5 35. Qd4 Kh7 36. Qxd6 Qe8 37. Qe5 Re7 38. Qc3 Ne6 39. Re1 Ng7 40. Rxe7 Qxe7 41. Qd4 Qc7 42. Bd3 Be8 43. Kf2 Qc5 44. Ke2 Qe7+ 45. Kf1 Qf7 46. Qxg7+ Qxg7 47. Bxg7 Kxg7 48. Kf2 Kf6 49. Ke3 g5 50. Kd4 Ke6 51. Be4 Bd7 52. c5 bxc5+ 53. Kxc5 Ke5 54. Bc6 Bc8 55. a4 Kf4 56. a5 Ke3 57. Kb6 Kf2 58. a6 Bxa6 59. Kxa6 Kxg2 60. f4+ Kxh2 61. fxg5 Kh3 62. g6 h4 63. g7 Kh2 64. g8Q h3 65. Qb8+ 1-0

[Event "CAN-ch"]
[Site "Montreal"]
[Date "2012.08.08"]
[Round "6"]
[White "Anastasovski, Nikola"]
[Black "Robichaud, Louis"]
[Result "1/2-1/2"]
[WhiteElo "2070"]
[BlackElo "2100"]
[PlyCount "121"]
[EventDate "2012.08.04"]
[EventType "swiss"]
[EventRounds "9"]
[EventCountry "CAN"]
[SourceTitle "EXT 2022"]
[Source "ChessBase"]
[SourceDate "2021.10.06"]
[SourceVersion "1"]
[SourceVersionDate "2021.10.06"]
[SourceQuality "1"]

1. c4 Nf6 2. Nc3 g6 3. e4 d6 4. g3 Bg7 5. Bg2 0-0 6. d3 e5 7. h3 Nc6 8. Nge2 Be6 9. 0-0 Qd7 10. Kh2 Nh5 11. Be3 Nd4 12. f4 Nxe2 13. Qxe2 exf4 14. gxf4 f5 15. Rf2 Rae8 16. Raf1 c5 17. Nd5 Bxd5 18. cxd5 Nf6 19. Qc2 Nxd5 20. Qb3 Qf7 21. Bxc5 dxc5 22. exd5 b6 23. Qc4 Bd4 24. Rc2 Kg7 25. b4 Qe7 26. bxc5 bxc5 27. Qa6 Rf6 28. Qa5 Qd6 29. Qxa7+ Re7 30. Qa4 g5 31. Kh1 g4 32. Kh2 Rh6 33. Qc6 Qb8 34. d6 Rxd6 35. Qa8 Qxa8 36. Bxa8 Rh6 37. Bg2 Re3 38. Rb1 g3+ 39. Kh1 Rhe6 40. Bf1 Rf3 41. Kg2 Rxf4 42. Kxg3 Be5 43. Kg2 Rg6+ 44. Kh1 Ra4 45. Rxc5 Rg1+ 46. Kxg1 Bd4+ 47. Kh1 Bxc5 48. Rb2 Kf6 49. Rc2 Be3 50. Kg2 Ke5 51. Be2 Ra3 52. Kf3 Bd4 53. Rc7 Rxa2 54. Rxh7 Ra8 55. Re7+ Kd6 56. Rh7 Re8 57. Bf1 Ke5 58. h4 Rd8 59. Rh5 Kf6 60. Bh3 Rd5 61. Rxf5+ 1/2-1/2

[Event "CAN-ch"]
[Site "Montreal"]
[Date "2012.08.06"]
[Round "4"]
[White "Masse, Hugues"]
[Black "Anastasovski, Nikola"]
[Result "1-0"]
[WhiteElo "2232"]
[BlackElo "2070"]
[PlyCount "103"]
[EventDate "2012.08.04"]
[EventType "swiss"]
[EventRounds "9"]
[EventCountry "CAN"]
[SourceTitle "CBM 149 Extra"]
[Source "ChessBase"]
[SourceDate "2012.08.24"]
[SourceVersion "1"]
[SourceVersionDate "2012.08.24"]
[SourceQuality "1"]

1. d4 e6 2. c4 b6 3. e4 Bb7 4. Bd3 g6 5. Ne2 Bg7 6. Nbc3 h6 7. 0-0 Ne7 8. Be3 d6 9. c5 Nd7 10. cxd6 cxd6 11. Nb5 Nc8 12. Qc1 Kf8 13. f4 a6 14. Nc7 Ra7 15. f5 Bxe4 16. Nxe6+ fxe6 17. fxe6+ Nf6 18. Bxe4 Ne7 19. Qc2 Qe8 20. Nf4 g5 21. Bg6 Qd8 22. Nh5 Ned5 23. Bd2 Kg8 24. Bf7+ Rxf7 25. exf7+ Kxf7 26. Rae1 Qc8 27. Qxc8 Rxc8 28. Rc1 Re8 29. Nxg7 Kxg7 30. Rfe1 Ne4 31. Re2 Kg6 32. Rce1 Ndf6 33. Bb4 d5 34. Rc1 a5 35. Be1 h5 36. Rc6 Rb8 37. Bg3 Rb7 38. Be5 b5 39. Rxe4 dxe4 40. Rxf6+ Kh7 41. Kf2 b4 42. Ke3 a4 43. Kxe4 b3 44. a3 g4 45. d5 h4 46. d6 h3 47. gxh3 gxh3 48. Rf3 Ra7 49. Rxh3+ Kg6 50. Rg3+ Kh6 51. Kf5 Rf7+ 52. Bf6 1-0

[Event "CAN-ch"]
[Site "Montreal"]
[Date "2012.08.05"]
[Round "3"]
[White "Anastasovski, Nikola"]
[Black "Luo, Zhao Yang"]
[Result "1-0"]
[WhiteElo "2070"]
[BlackElo "1991"]
[PlyCount "63"]
[EventDate "2012.08.04"]
[EventType "swiss"]
[EventRounds "9"]
[EventCountry "CAN"]
[SourceTitle "CBM 149 Extra"]
[Source "ChessBase"]
[SourceDate "2012.08.24"]
[SourceVersion "1"]
[SourceVersionDate "2012.08.24"]
[SourceQuality "1"]

1. e4 c6 2. d4 d5 3. exd5 cxd5 4. c4 Nf6 5. Nc3 Nc6 6. Be3 dxc4 7. Bxc4 e6 8. Nf3 Bd6 9. h3 h6 10. Rc1 0-0 11. 0-0 Ne7 12. Bd3 Ned5 13. Qd2 Re8 14. a3 a6 15. Bb1 b5 16. b4 Bb7 17. Ne5 Qe7 18. Nd3 Nxc3 19. Qxc3 Nd5 20. Qc2 Nf6 21. Qe2 Red8 22. Rfd1 Bd5 23. Ba2 Bxa2 24. Qxa2 a5 25. a4 Nd5 26. axb5 axb4 27. Qc4 Nc3 28. Rd2 Rdc8 29. Nc5 Ne4 30. Rdc2 Ra4 31. Qb3 Ra7 32. Nxe4 1-0

[Event "CAN-ch"]
[Site "Guelph"]
[Date "2011.05.06"]
[Round "1"]
[White "Anastasovski, Nikola"]
[Black "Calugar, Arthur"]
[Result "0-1"]
[WhiteElo "2110"]
[BlackElo "2210"]
[PlyCount "157"]
[EventDate "2011.05.06"]
[EventType "swiss"]
[EventRounds "9"]
[EventCountry "CAN"]
[SourceTitle "CBM 142 Extra"]
[Source "ChessBase"]
[SourceDate "2011.06.27"]
[SourceVersion "1"]
[SourceVersionDate "2011.06.27"]
[SourceQuality "1"]

1. e4 c5 2. c4 Nc6 3. Nc3 g6 4. g3 Bg7 5. Bg2 d6 6. d3 Nd4 7. Be3 e6 8. Qd2 Ne7 9. Rc1 0-0 10. Bh6 f5 11. h4 e5 12. h5 f4 13. Bxg7 Kxg7 14. gxf4 exf4 15. Nge2 Nec6 16. f3 Qg5 17. Nxd4 Nxd4 18. Qf2 gxh5 19. Kd2 Kh8 20. Rcg1 Qe5 21. Kc1 Rg8 22. Rh4 Be6 23. Rgh1 Rg5 24. Bf1 a6 25. Ne2 Nxe2+ 26. Qxe2 b5 27. Qh2 bxc4 28. Qxf4 Qxf4+ 29. Rxf4 cxd3 30. Bxd3 Bxa2 31. Rf6 Rg6 32. Rf5 h4 33. Rh5 Rg7 34. R5xh4 Rf8 35. e5 Bg8 36. exd6 Rxf3 37. Bxa6 Ra7 38. Be2 Rf2 39. Kd2 Rd7 40. Rh6 Bc4 41. Re1 Kg7 42. Rh5 Rxd6+ 43. Ke3 Rxe2+ 44. Rxe2 Re6+ 45. Kf4 Rxe2 46. Rxc5 Be6 47. b4 Rb2 48. b5 Kf6 49. Kg3 Bd7 50. Rc7 Ke7 51. b6 Rxb6 52. Kf4 Rb5 53. Ra7 Rc5 54. Kg3 Ke6 55. Kh4 Rd5 56. Ra6+ Kf7 57. Ra7 Kf6 58. Ra6+ Be6 59. Rb6 Re5 60. Ra6 Kg6 61. Rb6 h5 62. Ra6 Re4+ 63. Kg3 Kg5 64. Kf3 Bf5 65. Ra7 Rd4 66. Rg7+ Bg6 67. Kg3 Rd3+ 68. Kh2 Kf5 69. Rg8 Kf6 70. Ra8 Bf5 71. Rb8 Kg5 72. Rb4 Bg4 73. Rb5+ Kh4 74. Rb6 Rd2+ 75. Kg1 Kg3 76. Rb1 h4 77. Rc1 h3 78. Rf1 Rd1 79. Rxd1 0-1

[Event "Mauricie op"]
[Site "Trois Rivieres"]
[Date "2009.03.21"]
[Round "3"]
[White "Larochelle, Martial"]
[Black "Anastasovski, Nikola"]
[Result "0-1"]
[WhiteElo "2200"]
[BlackElo "2091"]
[PlyCount "76"]
[EventDate "2009.03.20"]
[EventType "swiss"]
[EventRounds "5"]
[EventCountry "CAN"]
[SourceTitle "EXT 2011"]
[Source "ChessBase"]
[SourceDate "2010.11.26"]
[SourceVersion "1"]
[SourceVersionDate "2010.11.26"]
[SourceQuality "1"]

1. c4 c5 2. Nf3 Nc6 3. d4 cxd4 4. Nxd4 g6 5. e4 Bg7 6. Be3 Nf6 7. Nc3 d6 8. Be2 Bd7 9. 0-0 0-0 10. Rb1 a6 11. f3 Qc7 12. Qd2 Nxd4 13. Bxd4 Rac8 14. Rbc1 Bc6 15. Rfd1 Rfd8 16. Bf1 e6 17. Qf2 Qe7 18. Rc2 Nd7 19. Bxg7 Kxg7 20. Rcd2 Nf6 21. Qb6 Ne8 22. e5 d5 23. cxd5 exd5 24. Nxd5 Qxe5 25. Nb4 Rxd2 26. Rxd2 Bb5 27. Nd3 Qd5 28. Qe3 Nf6 29. a3 Rd8 30. Be2 Re8 31. Qf2 Rd8 32. Bf1 Rd6 33. Qe3 Nd7 34. Rc2 Bxd3 35. Rd2 Ne5 36. b3 a5 37. f4 Ng4 38. Qa7 b6 0-1

[Event "Montreal Pere Noel op"]
[Site "Montreal"]
[Date "2008.12.28"]
[Round "3"]
[White "Leveille, Francois"]
[Black "Anastasovski, Nikola"]
[Result "1-0"]
[WhiteElo "2307"]
[BlackElo "2093"]
[PlyCount "109"]
[EventDate "2008.12.26"]
[EventType "swiss"]
[EventRounds "5"]
[EventCountry "CAN"]
[SourceTitle "EXT 2011"]
[Source "ChessBase"]
[SourceDate "2010.11.26"]
[SourceVersion "1"]
[SourceVersionDate "2010.11.26"]
[SourceQuality "1"]

1. d4 f5 2. Qd3 g6 3. h4 e6 4. Bg5 Be7 5. Nd2 Bxg5 6. hxg5 Qxg5 7. Qc3 c6 8. Ngf3 Qf6 9. Nc4 d5 10. Nd6+ Kd8 11. Ne5 Ne7 12. Ndf7+ Ke8 13. Nxh8 Qxh8 14. Qh3 h5 15. Qh4 Qg8 16. Qg5 Nd7 17. Nf3 Qf8 18. e3 Qf6 19. Qf4 a6 20. Qc7 c5 21. 0-0-0 Nc6 22. c4 cxd4 23. exd4 Qd8 24. Qg3 Nf8 25. Kb1 b5 26. cxb5 axb5 27. Bxb5 Bd7 28. Bxc6 Bxc6 29. Ne5 Qa5 30. a3 Qb5 31. Rc1 Bd7 32. Nxd7 Qxd7 33. Rc7 Qd8 34. Rhc1 Qf6 35. Qd6 Rd8 36. Qc6+ Nd7 37. Re1 Ke7 38. Qxd5 f4 39. Qc5+ Kf7 40. Qd6 Qf5+ 41. Ka1 Qd5 42. Qxf4+ Kg8 43. Qe4 Nf8 44. Qxd5 Rxd5 45. Re4 Rf5 46. f3 Rg5 47. Rf4 e5 48. Rf6 exd4 49. Rc8 Rxg2 50. Rcxf8+ Kg7 51. R6f7+ Kh6 52. f4 g5 53. f5 g4 54. Rg8 h4 55. Rg6+ 1-0

[Event "Canadian op"]
[Site "Montreal"]
[Date "2008.07.22"]
[Round "4"]
[White "Anastasovski, Nikola"]
[Black "Panjwani, Raja"]
[Result "0-1"]
[WhiteElo "2129"]
[BlackElo "2310"]
[PlyCount "90"]
[EventDate "2008.07.19"]
[EventType "swiss"]
[EventRounds "9"]
[EventCountry "CAN"]
[SourceTitle "CBM 125 Extra"]
[Source "ChessBase"]
[SourceDate "2008.09.01"]
[SourceVersion "1"]
[SourceVersionDate "2008.09.01"]
[SourceQuality "1"]

1. e4 c5 2. c4 e6 3. Nc3 Ne7 4. d4 cxd4 5. Qxd4 Nec6 6. Qd1 Bc5 7. Nf3 d6 8. Bd3 0-0 9. 0-0 e5 10. h3 Nd4 11. Nxd4 Bxd4 12. Ne2 Bc5 13. Kh2 Nc6 14. f4 exf4 15. Bxf4 Ne5 16. Bxe5 dxe5 17. Ng3 Qg5 18. Qf3 Be6 19. Rad1 Rad8 20. b3 Rd7 21. Bc2 Rfd8 22. Rxd7 Rxd7 23. Rd1 Rxd1 24. Bxd1 g6 25. Nf1 Qd8 26. Ng3 Qd4 27. Qf1 Qe3 28. Bf3 Qf4 29. Bd1 Bf2 30. Qd3 Be3 31. Qf1 h5 32. Qxf4 Bxf4 33. h4 g5 34. Bxh5 g4 35. b4 Kg7 36. c5 Kh6 37. Bxf7 Bxf7 38. b5 Bxa2 39. c6 bxc6 40. bxc6 a5 41. c7 Be6 42. h5 a4 43. c8Q Bxc8 44. Kh1 Bxg3 45. Kg1 a3 0-1

[Event "Canada zt"]
[Site "Toronto"]
[Date "2006.08.22"]
[Round "5"]
[White "Anastasovski, Nikola"]
[Black "Zubac, Marius"]
[Result "1-0"]
[WhiteElo "2016"]
[BlackElo "2217"]
[PlyCount "73"]
[EventDate "2006.08.18"]
[EventType "swiss"]
[EventRounds "9"]
[EventCountry "CAN"]
[SourceTitle "CBM 113 Extra"]
[Source "ChessBase"]
[SourceDate "2006.09.14"]
[SourceVersion "1"]
[SourceVersionDate "2006.09.14"]
[SourceQuality "1"]

1. e4 c5 2. c4 Nc6 3. Nc3 g6 4. g3 Bg7 5. Bg2 e6 6. d3 Nge7 7. Be3 Nd4 8. Qd2 d6 9. h3 a6 10. Rc1 e5 11. Nge2 Nxe2 12. Nxe2 b5 13. b3 b4 14. f4 Qc7 15. 0-0 0-0 16. f5 f6 17. fxg6 hxg6 18. g4 Bb7 19. Ng3 a5 20. Rf2 a4 21. Rcf1 axb3 22. axb3 Nc6 23. h4 Na5 24. Qd1 Nc6 25. g5 fxg5 26. h5 Rxf2 27. Rxf2 Rf8 28. hxg6 Rxf2 29. Kxf2 Bf6 30. Qh5 Nd4 31. Bxg5 Bxg5 32. Qxg5 Qg7 33. Nh5 Qf8+ 34. Kg1 Ne2+ 35. Kh2 Qf2 36. Qd8+ Qf8 37. Qd7 1-0

[Event "Quebec-ch op"]
[Site "Montreal"]
[Date "2006.07.14"]
[Round "8"]
[White "Voskanyan, Vahagn"]
[Black "Anastasovski, Nikola"]
[Result "1/2-1/2"]
[WhiteElo "2279"]
[BlackElo "2016"]
[PlyCount "145"]
[EventDate "2006.07.07"]
[EventType "swiss"]
[EventRounds "9"]
[EventCountry "CAN"]
[SourceTitle "CBM 113 Extra"]
[Source "ChessBase"]
[SourceDate "2006.09.14"]
[SourceVersion "1"]
[SourceVersionDate "2006.09.14"]
[SourceQuality "1"]

1. Nf3 c5 2. e4 Nc6 3. d4 cxd4 4. Nxd4 e5 5. Nb5 d6 6. c4 a6 7. N5a3 Nf6 8. Nc3 Be7 9. Be2 Be6 10. Be3 0-0 11. 0-0 Rc8 12. Rc1 Nd7 13. Nd5 Bg5 14. Nc2 f5 15. exf5 Bxf5 16. Bg4 g6 17. Qd2 Bxe3 18. Ndxe3 Nc5 19. Rcd1 Ne4 20. Qd5+ Kh8 21. Bxf5 gxf5 22. Nxf5 Rxf5 23. Qxe4 Qf6 24. Rxd6 Qg5 25. Rd7 Rcf8 26. Ne3 R5f7 27. Rxf7 Rxf7 28. Rd1 Nd4 29. Kf1 Qh5 30. Ng4 Nc6 31. h3 Rf4 32. Qd5 Qf5 33. Qd7 Qxd7 34. Rxd7 Rxc4 35. Nf6 Rh4 36. Rxb7 Rh6 37. Rf7 a5 38. Ne4 Nd4 39. Ra7 Nc6 40. Rc7 Kg8 41. g4 Nb4 42. Kg2 Nd3 43. Ng5 Nxb2 44. Rc5 Nd3 45. Rxa5 Rf6 46. Ne4 Rf4 47. Ra4 Kf7 48. Kg3 h6 49. Ra3 Nc1 50. f3 Ne2+ 51. Kg2 Nd4 52. Ra7+ Kg6 53. Ra6+ Kg7 54. Nd2 Rf7 55. h4 Rc7 56. Kf2 Rc3 57. Ra7+ Kf8 58. Rh7 Rd3 59. Ke1 Re3+ 60. Kd1 Ra3 61. Rxh6 Rxa2 62. Ke1 Kg7 63. g5 Nf5 64. Rf6 Nxh4 65. Ne4 Ng2+ 66. Kd1 Nf4 67. Rc6 Ra3 68. Nd2 Nh3 69. Nc4 Rxf3 70. Nxe5 Rf5 71. Rc7+ Kf8 72. Rc8+ Kg7 73. Rc7+ 1/2-1/2

[Event "Quebec-ch op"]
[Site "Montreal"]
[Date "2006.07.13"]
[Round "7"]
[White "Masse, Hugues"]
[Black "Anastasovski, Nikola"]
[Result "1/2-1/2"]
[WhiteElo "2178"]
[BlackElo "2016"]
[PlyCount "61"]
[EventDate "2006.07.07"]
[EventType "swiss"]
[EventRounds "9"]
[EventCountry "CAN"]
[SourceTitle "CBM 113 Extra"]
[Source "ChessBase"]
[SourceDate "2006.09.14"]
[SourceVersion "1"]
[SourceVersionDate "2006.09.14"]
[SourceQuality "1"]

1. d4 f5 2. g3 e6 3. Bg2 Nf6 4. c4 Bb4+ 5. Nd2 d5 6. Ngf3 0-0 7. 0-0 b6 8. b3 Bb7 9. Bb2 Nbd7 10. e3 Bd6 11. Qe2 Qe7 12. Rfd1 Ne4 13. Ne5 Nxe5 14. dxe5 Ba3 15. Nb1 Qb4 16. f3 Nc5 17. Nd2 Ba6 18. Bf1 Rad8 19. f4 dxc4 20. Nxc4 Ne4 21. Rxd8 Rxd8 22. Rd1 Rxd1 23. Qxd1 h6 24. Bd3 Qc5 25. Bxe4 Bxc4 26. Qd8+ Kf7 27. Qd7+ Kf8 28. Qd8+ Kf7 29. Qd7+ Kf8 30. Qd8+ Kf7 31. Qd7+ 1/2-1/2

[Event "Montreal Paques op"]
[Site "Montreal"]
[Date "2006.04.16"]
[Round "4"]
[White "Arsenault, Nicolas"]
[Black "Anastasovski, Nikola"]
[Result "0-1"]
[WhiteElo "2082"]
[BlackElo "2143"]
[PlyCount "163"]
[EventDate "2006.04.14"]
[EventType "tourn"]
[EventRounds "5"]
[EventCountry "CAN"]
[SourceTitle "EXT 2007"]
[Source "ChessBase"]
[SourceDate "2006.11.23"]
[SourceVersion "1"]
[SourceVersionDate "2006.11.23"]
[SourceQuality "1"]

1. e4 e5 2. Nf3 Nc6 3. Nc3 Bc5 4. g3 d6 5. Bg2 f5 6. d3 Nf6 7. 0-0 fxe4 8. Nxe4 Nxe4 9. dxe4 0-0 10. Qd3 Bg4 11. h3 Bxf3 12. Bxf3 Qf6 13. Kg2 Rf7 14. Bg4 Raf8 15. Be3 Nb4 16. Qb3 b6 17. Bxc5 bxc5 18. Be6 Kh8 19. Bxf7 Qxf7 20. Qxf7 Rxf7 21. c3 Nd3 22. b3 c4 23. bxc4 g5 24. Rab1 h5 25. Rb8+ Kg7 26. Ra8 Nc5 27. Rxa7 Nxe4 28. f3 Nd2 29. Rf2 Nxc4 30. Kf1 Kf6 31. Ke2 Ke6 32. Rf1 Kd5 33. Rb1 Kc6 34. Rb4 Nb6 35. a4 Kc5 36. Rb5+ Kc6 37. Rb3 h4 38. gxh4 gxh4 39. a5 Nd5 40. a6 Rf8 41. Rab7 Ra8 42. R7b4 Rxa6 43. Rc4+ Kd7 44. Rxh4 Ra2+ 45. Ke1 Rc2 46. c4 Nf4 47. Rh7+ Kc6 48. h4 Rxc4 49. h5 Kd5 50. h6 Rc2 51. Kd1 Rh2 52. Rxc7 Rxh6 53. Ra7 Ne6 54. Ra5+ Kc4 55. Re3 Rh1+ 56. Re1 Rh3 57. Re4+ Nd4 58. Ra4+ Kd5 59. Raxd4+ exd4 60. Rf4 Kc4 61. Rf6 Kd3 62. Ke1 Ke3 63. Re6+ Kxf3 64. Rxd6 Ke3 65. Re6+ Kd3 66. Rc6 Rh1+ 67. Kf2 Kd2 68. Ra6 Rc1 69. Ra2+ Rc2 70. Ra3 d3 71. Kf3 Rc3 72. Ra1 Rc8 73. Ra2+ Kc3 74. Ra3+ Kc2 75. Ra2+ Kb3 76. Ra7 Re8 77. Rb7+ Kc2 78. Rc7+ Kd2 79. Ra7 Rf8+ 80. Ke4 Ke2 81. Ra2+ d2 82. Kd4 0-1

[Event "Montreal Paques op"]
[Site "Montreal"]
[Date "2006.04.15"]
[Round "3"]
[White "Anastasovski, Nikola"]
[Black "Robichaud, Louis"]
[Result "0-1"]
[WhiteElo "2143"]
[BlackElo "2053"]
[PlyCount "150"]
[EventDate "2006.04.14"]
[EventType "tourn"]
[EventRounds "5"]
[EventCountry "CAN"]
[SourceTitle "EXT 2007"]
[Source "ChessBase"]
[SourceDate "2006.11.23"]
[SourceVersion "1"]
[SourceVersionDate "2006.11.23"]
[SourceQuality "1"]

1. c4 Nf6 2. Nc3 g6 3. e4 d6 4. g3 Bg7 5. Bg2 0-0 6. d3 c5 7. h3 Nc6 8. Be3 e6 9. Nge2 Rb8 10. Qd2 Re8 11. 0-0 b6 12. f4 Ne7 13. d4 e5 14. fxe5 dxe5 15. d5 a6 16. Rf2 Qd6 17. Raf1 Rf8 18. Bh6 Ne8 19. Bxg7 Kxg7 20. g4 Ng8 21. Ng3 Qe7 22. g5 Nd6 23. b3 Bd7 24. Nd1 h6 25. h4 hxg5 26. hxg5 f6 27. gxf6+ Rxf6 28. Rxf6 Nxf6 29. Qg5 Kf7 30. Ne3 Rh8 31. Ng4 Bxg4 32. Qxg4 Kg7 33. Qg5 Nxd5 34. Qxe7+ Nxe7 35. Rd1 Rd8 36. Nf1 Nc6 37. Rd5 Ne7 38. Rd2 Nf7 39. Rxd8 Nxd8 40. Ne3 Kf6 41. Ng4+ Ke6 42. Bh3 Ndc6 43. Kf2 Nb4 44. a3 Nd3+ 45. Ke3 Nf4 46. Bf1 a5 47. Kd2 Nc6 48. Kc3 g5 49. Ne3 Nd4 50. b4 axb4+ 51. axb4 cxb4+ 52. Kxb4 Kd6 53. Nf5+ Kc6 54. Nh6 Nf3 55. Ng4 Kd6 56. Kb5 Nd2 57. Kxb6 Nxf1 58. c5+ Ke6 59. c6 Nd2 60. c7 Nc4+ 61. Kc6 Nd6 62. Ne3 Ne2 63. Nc4 Nd4+ 64. Kc5 N4b5 65. c8Q+ Nxc8 66. Kxb5 Nd6+ 67. Kc5 Nxc4 68. Kxc4 g4 69. Kd3 Kf6 70. Ke3 Kg5 71. Kf2 Kf4 72. Kg2 Kxe4 73. Kg3 Kd3 74. Kxg4 e4 75. Kg3 e3 0-1

[Event "Granby Marathon"]
[Site "Granby"]
[Date "2005.05.07"]
[Round "1"]
[White "Duplessis, Jean Roch"]
[Black "Anastasovski, Nikola"]
[Result "0-1"]
[WhiteElo "1644"]
[BlackElo "2189"]
[PlyCount "62"]
[EventDate "2005.05.06"]
[EventType "swiss"]
[EventRounds "7"]
[EventCountry "CAN"]
[SourceTitle "CBM 106 Extra"]
[Source "ChessBase"]
[SourceDate "2005.07.01"]
[SourceVersion "1"]
[SourceVersionDate "2005.07.01"]
[SourceQuality "1"]

1. e4 e5 2. Nf3 Nc6 3. Nc3 Nf6 4. Bb5 Bc5 5. 0-0 d6 6. d4 exd4 7. Nxd4 Bd7 8. Bxc6 bxc6 9. Bg5 h6 10. Bh4 g5 11. Bg3 Qe7 12. Qd3 h5 13. h4 gxh4 14. Bxh4 Qe5 15. Nf3 Qe6 16. Bxf6 Qxf6 17. e5 Qg7 18. Ne4 0-0-0 19. Nxc5 dxc5 20. Rfd1 Kb7 21. Qe3 h4 22. Ne1 Rh5 23. Nd3 Rg8 24. Nxc5+ Ka8 25. Qf3 Rf5 26. Qh3 Rxf2 27. Nxd7 Qxg2+ 28. Qxg2 Rgxg2+ 29. Kh1 Rh2+ 30. Kg1 Rfg2+ 31. Kf1 h3 0-1

[Event "Quebec-ch qual1"]
[Site "Montreal"]
[Date "2005.04.29"]
[Round "1"]
[White "Rodriguez, Aaron"]
[Black "Anastasovski, Nikola"]
[Result "0-1"]
[WhiteElo "1812"]
[BlackElo "2159"]
[PlyCount "88"]
[EventDate "2005.04.29"]
[EventType "swiss"]
[EventRounds "5"]
[EventCountry "CAN"]
[SourceTitle "CBM 106 Extra"]
[Source "ChessBase"]
[SourceDate "2005.07.01"]
[SourceVersion "1"]
[SourceVersionDate "2005.07.01"]
[SourceQuality "1"]

1. e4 e5 2. Nf3 Nc6 3. Bb5 f5 4. d3 Nf6 5. 0-0 fxe4 6. dxe4 d6 7. Nc3 Bg4 8. h3 Bh5 9. Be3 Qd7 10. a4 Be7 11. Bc4 h6 12. Nd5 Nxe4 13. Nxe5 Bxd1 14. Nxd7 Bxc2 15. Nxc7+ Kxd7 16. Nxa8 Nc5 17. Rac1 Bd3 18. Rfd1 Bxc4 19. Rxc4 Ne6 20. Nb6+ axb6 21. Bxb6 g5 22. b4 Bd8 23. Be3 Rf8 24. h4 Rf5 25. b5 Ne7 26. hxg5 hxg5 27. Bd2 Rd5 28. Rcc1 Nd4 29. Kf1 Nb3 30. Rc2 Ba5 31. Ke2 Nd4+ 32. Kd3 Nxc2+ 33. Kxc2 Bxd2 34. Rxd2 Rxd2+ 35. Kxd2 b6 36. Ke3 d5 37. f4 g4 38. Kd3 Kd6 39. Kd4 Nf5+ 40. Kd3 Nh4 41. Kd4 Nxg2 42. f5 Nf4 43. f6 g3 44. Ke3 d4+ 0-1